00276nam a2200097Ia 4500008004000000082001700040100001900057245005400076260004000130300000800170210210b1968 xxu||||| |||| 00| 0 eng d a824.914 MOSM amOSS (Norman). aMen who play God: the story of the hydrogen bomb. aLondonbVictor Gollancz Ltd.,c1968 a352